<?xml version="1.0" encoding="UTF-8"?>
<record
    xmlns:xsi="http://www.w3.org/2001/XMLSchema-instance"
    xsi:schemaLocation="http://www.loc.gov/MARC21/slim http://www.loc.gov/standards/marcxml/schema/MARC21slim.xsd"
    xmlns="http://www.loc.gov/MARC21/slim">

  <leader>03440nam a2200409 a 4500</leader>
  <controlfield tag="001">ebr10479921</controlfield>
  <controlfield tag="003">CaPaEBR</controlfield>
  <controlfield tag="006">m        u        </controlfield>
  <controlfield tag="007">cr cn|||||||||</controlfield>
  <controlfield tag="008">050609s2004    enk    fsb    001 0 eng d</controlfield>
  <datafield tag="010" ind1=" " ind2=" ">
    <subfield code="z">  2005276713</subfield>
  </datafield>
  <datafield tag="020" ind1=" " ind2=" ">
    <subfield code="z">0745323561 (hardback)</subfield>
  </datafield>
  <datafield tag="020" ind1=" " ind2=" ">
    <subfield code="z">0745323553 (pbk.)</subfield>
  </datafield>
  <datafield tag="020" ind1=" " ind2=" ">
    <subfield code="z">9780745323565</subfield>
  </datafield>
  <datafield tag="020" ind1=" " ind2=" ">
    <subfield code="z">9781849642651 (e-book)</subfield>
  </datafield>
  <datafield tag="040" ind1=" " ind2=" ">
    <subfield code="a">CaPaEBR</subfield>
    <subfield code="c">CaPaEBR</subfield>
  </datafield>
  <datafield tag="035" ind1=" " ind2=" ">
    <subfield code="a">(OCoLC)655786357</subfield>
  </datafield>
  <datafield tag="041" ind1="1" ind2=" ">
    <subfield code="a">eng</subfield>
    <subfield code="h">fre</subfield>
  </datafield>
  <datafield tag="050" ind1="1" ind2="4">
    <subfield code="a">HM881</subfield>
    <subfield code="b">.G5594 2004eb</subfield>
  </datafield>
  <datafield tag="082" ind1="0" ind2="4">
    <subfield code="a">303.48/4</subfield>
    <subfield code="2">22</subfield>
  </datafield>
  <datafield tag="245" ind1="0" ind2="0">
    <subfield code="a">Globalizing resistance</subfield>
    <subfield code="h">[electronic resource] :</subfield>
    <subfield code="b">the state of struggle /</subfield>
    <subfield code="c">edited by Fra&#xFFFD;ncois Polet ; with translations by Victoria Bawtree.</subfield>
  </datafield>
  <datafield tag="260" ind1=" " ind2=" ">
    <subfield code="a">London ;</subfield>
    <subfield code="a">Ann Arbor, Mich. :</subfield>
    <subfield code="b">Pluto Press in association with the Tricontinental Centre (CENTRI),</subfield>
    <subfield code="c">2004.</subfield>
  </datafield>
  <datafield tag="300" ind1=" " ind2=" ">
    <subfield code="a">xi, 321 p.</subfield>
  </datafield>
  <datafield tag="500" ind1=" " ind2=" ">
    <subfield code="a">Translated from the French.</subfield>
  </datafield>
  <datafield tag="504" ind1=" " ind2=" ">
    <subfield code="a">Includes bibliographical references and index.</subfield>
  </datafield>
  <datafield tag="505" ind1="0" ind2=" ">
    <subfield code="a">Political diversity, common purpose : social movements in India / Vinod Raina -- Resistance to globalization in rural China / Lau Kin Chi -- NGOs and social movements in Southeast Asia / Francis Loh -- Central Asia and the Southern Caucasus : US rearguard bases? / Bernard Dreano -- Resistance to neoliberalism in Australia and Oceania / Verity Burgmann, Andrew Ure -- Social movements in the Arab world / Azza Abd el-Mohsen Khalil -- Struggling and surviving in the Democratic Republic of the Congo / Fran&#xFFFD;cois L'&#xFFFD;Ecuyer -- Social movements : experiences from East Africa / Opiyo Makoude -- South Africa's new social movements / David Coetzee -- Neoliberalism and social conflict : the popular movements in Latin America / Clara Algranati ... [et al.] -- Proletarian resistance and capitalist restructuring in the United States / Pierre Beaudet -- Europe : the challenge for social movements / Bernard Dreano -- -- The World Social Forum : towards a counter-hegemonic globalization / Boaventura de Sousa Santos -- The World Social Forum : a democratic alternative / Francine Mestrum -- The African Social Forum : between radicals and reformers / Mondli Hlatshwayo -- Convergences and the anti-war movement : expereinces and lessons / Paola Manduca -- The trade union movement and the social movement : towards a new dialogue? / Pierre Beaudet -- The new agrarian issue : three billion peasants under threat / Samir Amin -- The alternative movement and its media strategies / Victor Sampedro -- The European Union and the 'internal threat' of the alternative world movement / Ben Hayes, Tony Bunyan -- Police measures against the new global protest / Donatella della Porta, Herbert Reiter -- New powers, new counter-powers / Raoul-Marc Jennar -- International law, a decisive issue for the alternative world movement / Monique Chemillier-Gendreau.</subfield>
  </datafield>
  <datafield tag="533" ind1=" " ind2=" ">
    <subfield code="a">Electronic reproduction.</subfield>
    <subfield code="b">Palo Alto, Calif. :</subfield>
    <subfield code="c">ebrary,</subfield>
    <subfield code="d">2013.</subfield>
    <subfield code="n">Available via World Wide Web.</subfield>
    <subfield code="n">Access may be limited to ebrary affiliated libraries.</subfield>
  </datafield>
  <datafield tag="650" ind1=" " ind2="0">
    <subfield code="a">Social movements.</subfield>
  </datafield>
  <datafield tag="650" ind1=" " ind2="0">
    <subfield code="a">Anti-globalization movement.</subfield>
  </datafield>
  <datafield tag="650" ind1=" " ind2="0">
    <subfield code="a">Globalization.</subfield>
  </datafield>
  <datafield tag="655" ind1=" " ind2="7">
    <subfield code="a">Electronic books.</subfield>
    <subfield code="2">local</subfield>
  </datafield>
  <datafield tag="700" ind1="1" ind2=" ">
    <subfield code="a">Polet, Fran&#xFFFD;cois.</subfield>
  </datafield>
  <datafield tag="700" ind1="1" ind2=" ">
    <subfield code="a">Bawtree, Victoria.</subfield>
  </datafield>
  <datafield tag="710" ind1="2" ind2=" ">
    <subfield code="a">Centre tricontinental (Louvain-la-Neuve, Belgium)</subfield>
  </datafield>
  <datafield tag="710" ind1="2" ind2=" ">
    <subfield code="a">ebrary, Inc.</subfield>
  </datafield>
  <datafield tag="856" ind1="4" ind2="0">
    <subfield code="u">http://site.ebrary.com/lib/rucke/Doc?id=10479921</subfield>
    <subfield code="z">An electronic book accessible through the World Wide Web; click to view</subfield>
  </datafield>
  <datafield tag="999" ind1=" " ind2=" ">
    <subfield code="c">117824</subfield>
    <subfield code="d">117824</subfield>
  </datafield>
</record>
